| 000 | 00971cam a22003137a 4500 | ||
|---|---|---|---|
| 003 | CHAP | ||
| 005 | 20220329142545.0 | ||
| 008 | 010926d2000 mx r 00110 spa d | ||
| 010 | _a84859 | ||
| 011 | _a85831 | ||
| 035 | _a96368 | ||
| 040 | _cCHAP | ||
| 082 | 0 | 4 |
_a530 _bM7 1967 |
| 100 | 0 | 0 |
_aMosqueira R., Salvador. _979023 |
| 245 | 1 | 0 |
_aIniciación a la física moderna _c/por Salvador Mosqueira R. |
| 250 | _a3ed. corr. y aum. | ||
| 260 |
_aMéxico, D.F. : _bPatria, _c1967. |
||
| 300 |
_a418 p. : _bilus. |
||
| 590 |
_aBATCH-UPD _b10 _c20130110 _lUCH01 _h1406 |
||
| 590 |
_aBATCH-UPD _b10 _c20130410 _lUCH01 _h0855 |
||
| 590 |
_aBATCH-UPD _b10 _c20130914 _lUCH01 _h1422 |
||
| 590 |
_aBATCH-UPD _b10 _c20190913 _lUCH01 _h1513 |
||
| 590 |
_aCONVERSION _b10 _c20130109 _lUCH01 _h1347 |
||
| 650 | 1 | 4 |
_aFísica. _941975 |
| 901 | _aBK | ||
| 905 | _aAlejandra Carrasco M. | ||
| 942 | _cLIBRO | ||
| 949 |
_a530 M7 1967 _bBC _cLIBRO _d33724000857157 _eLIBRO _h101885 _i96368 _kDon. _si |
||
| 999 |
_c84859 _d84859 |
||